| 000 | 01383nam a22002057a 4500 | ||
|---|---|---|---|
| 005 | 20250918110047.0 | ||
| 010 | _aB-775693-707 20BACCHHN25 | ||
| 020 |
_a9789354098741 _c150.00 |
||
| 035 | _aB-775693-707 | ||
| 037 | _bबुकवैल पब्लिकेशन | ||
| 082 | _aक | ||
| 100 |
_aशर्मा,आशा _985119 |
||
| 245 |
_aबसंत का जादू / _cआशा शर्माः प्रियंका सिंह द्वारा संपादित |
||
| 260 |
_aनई दिल्ली _bप्रकाशन विभाग सूचना और प्रसारण मंत्रालय भारत सरकार _c2023 |
||
| 270 |
_aसी.जी.ओ काम्प्लेक्स लोधी रोड _bन्यू दिल्ली _e110003 |
||
| 300 |
_a63पृ.; _c24 सेमी, (आजिल्द) |
||
| 700 |
_aप्रियंका सिंह _969752 |
||
| 942 |
_adpl _cCH _2ddc _hक _mशर्माआ |
||
| 999 |
_c209771 _d209771 |
||